000 01859nam0a2200373 4500
001 RU\NLR\BIBL_A\022451237
005 20250425132243.0
010 _a978-5-7992-1167-7
_91000
021 _aRU
_bКН-П-24-080059
_9КН-П-24-7997
035 _a(NLR Aleph) 022451237
090 _a13358373
_c13358373
100 _a20250210d2024 k y0rusy50 ca
101 0 _arus
102 _aRU
105 _aach z 000yb
181 0 _ai3
_baxxe
182 0 _an
200 1 _aЭйльхард Альфред Митчерлих
_eмонография
_fА. Х. Шеуджен
_gРоссийская академия наук, ФГБОУ ВО "Кубанский государственный аграрный университет имени И. Т. Трубилина", ФГБНУ "Федеральный научный центр РИСА"
203 _aТекст
_bвизуальный
_cнепосредственный
210 _aМайкоп
_cПолиграф-ЮГ
_d2024
215 _a100, [1] с.
_cил., портр., факс.
_d21
320 _aБиблиогр.: с. 86-87 (22 назв.)
320 _aБиблиогр. указ.: с. 54-74
600 1 _aМитчерлих
_bМ. Э. А.
_f1874 - 1956
_gМакс Эйльхард Альфред
_92666665
_3RU\NLR\AUTH\6601754692
686 1 _aП03д(3)Митчерлих Макс
686 1 _aП04д(3)Митчерлих Макс
686 1 _aП1д(3)Митчерлих Макс
700 1 _7ca
_8rus
_aШеуджен
_bА. Х.
_cд-р биол. наук
_f1952-
_gАсхад Хазретович
_9164500
_3RU\NLR\AUTH\770164544
702 1 _4280
_7ca
_8rus
_aМитчерлих
_bЭ. А.
_f1874-1956
_gЭйльхард Альфред
_92651643
_3RU\NLR\AUTH\770279676
942 _cBOOK
980 _aNB